The reception of Jewish tradition in the social imagination of the early Christians / (Record no. 11064)

MARC details
000 -LEADER
fixed length control field 02992cam a2200373 i 4500
001 - CONTROL NUMBER
control field 21960475
003 - CONTROL NUMBER IDENTIFIER
control field GBCCL
005 - DATE AND TIME OF LATEST TRANSACTION
control field 20251120141222.0
006 - FIXED-LENGTH DATA ELEMENTS--ADDITIONAL MATERIAL CHARACTERISTICS
fixed length control field m |o d |
007 - PHYSICAL DESCRIPTION FIXED FIELD--GENERAL INFORMATION
fixed length control field cr_|||||||||||
008 - FIXED-LENGTH DATA ELEMENTS--GENERAL INFORMATION
fixed length control field 210313t20222022enk ob 001 0 eng
020 ## - INTERNATIONAL STANDARD BOOK NUMBER
Canceled/invalid ISBN 9789356405097
035 ## - SYSTEM CONTROL NUMBER
System control number 21960475
040 ## - CATALOGING SOURCE
Original cataloging agency DLC
Language of cataloging eng
Transcribing agency DLC
Description conventions rda
Modifying agency DLC
082 00 - DEWEY DECIMAL CLASSIFICATION NUMBER
Classification number 270.2
Item number REC 1
245 04 - TITLE STATEMENT
Title The reception of Jewish tradition in the social imagination of the early Christians /
Statement of responsibility, etc. edited by John M.G. Barclay and Kylie Crabbe.
264 #1 - PRODUCTION, PUBLICATION, DISTRIBUTION, MANUFACTURE, AND COPYRIGHT NOTICE
Place of production, publication, distribution, manufacture New Delhi ;
-- New York :
Name of producer, publisher, distributor, manufacturer Bloomsbury,
Date of production, publication, distribution, manufacture, or copyright notice 2023
300 ## - PHYSICAL DESCRIPTION
Extent 263pages.
490 0# - SERIES STATEMENT
Series statement The reception of Jesus in the first three centuries ;
Volume/sequential designation 8
504 ## - BIBLIOGRAPHY, ETC. NOTE
Bibliography, etc. note Includes bibliographical references and index.
505 0# - FORMATTED CONTENTS NOTE
Formatted contents note Introduction / John M.G. Barclay and Kylie Crabbe -- The early Christian reception of the legend of the Greek translation of the Scriptures / Judith M. Lieu -- The law and the prophets as Origen's gospel / Devin L. White -- The reception of the Watchers tradition in Tertullian, with regard to 1 Cor. 11.2-16 / Stephen C. Carlson -- 'Not like the gentiles who do not know God' (1 Thess 4:5). The function of othering and anti-gentile stereotypes of sexual wrongdoing in early Jewish and Christian texts / Christine Gerber -- Patterns of Christian reinterpretations of the Maccabean martyrdoms / Jan Willem van Henten -- 'The blind and the lame' : an adapted category in early Christian communal self-understanding / Kylie Crabbe -- The ethics of Eden : luxury, banqueting, and the New Jerusalem / Candida R. Moss -- Scribes, Pharisees, Sadducees, and Trypho : Jewish leadership and Jesus traditions in Justin's construal of Christian and Jewish identity / Benjamin A. Edsall -- Denial of forgiveness and the Spirit : 'anxiety of influence' and the Christian demotion of John's baptism / Joel Marcus -- Tradition and authority in scribal culture : a comparison between the Yaḥadic Dead Sea Scroll texts and the Gospel of Matthew / Loren T. Stuckenbruck -- Remember the poor : early Christian reception of a Jewish communal responsibility / John M.G. Barclay.
520 ## - SUMMARY, ETC.
Summary, etc. "A reconsideration of the reception of Jewish traditions and texts in early Christianity by leading international contributors"--
Assigning source Provided by publisher.
588 ## - SOURCE OF DESCRIPTION NOTE
Source of description note Description based on print version record and CIP data provided by publisher.
650 #0 - SUBJECT ADDED ENTRY--TOPICAL TERM
Topical term or geographic name entry element Church history
Chronological subdivision Primitive and early church, ca. 30-600.
650 #0 - SUBJECT ADDED ENTRY--TOPICAL TERM
Topical term or geographic name entry element Christianity and other religions
General subdivision Judaism.
650 #0 - SUBJECT ADDED ENTRY--TOPICAL TERM
Topical term or geographic name entry element Judaism
General subdivision Relations
-- Christianity.
650 #0 - SUBJECT ADDED ENTRY--TOPICAL TERM
Topical term or geographic name entry element Identification (Religion)
700 1# - ADDED ENTRY--PERSONAL NAME
Personal name Barclay, John M. G.,
Relator term editor.
700 1# - ADDED ENTRY--PERSONAL NAME
Personal name Crabbe, Kylie,
Dates associated with a name 1977-
Relator term editor.
776 08 - ADDITIONAL PHYSICAL FORM ENTRY
Relationship information Print version:
Title The reception of Jewish tradition in the social imagination of the early Christians
Place, publisher, and date of publication London ; New York : T&T Clark, 2022.
International Standard Book Number 9780567695994
Record control number (DLC) 2021009051
906 ## - LOCAL DATA ELEMENT F, LDF (RLIN)
a 7
b cbc
c origcop
d 1
e ecip
f 20
g y-gencatlg
942 ## - ADDED ENTRY ELEMENTS (KOHA)
Source of classification or shelving scheme Dewey Decimal Classification
Koha item type Books
Suppress in OPAC No
Holdings
Withdrawn status Lost status Source of classification or shelving scheme Damaged status Not for loan Home library Current Library Shelving location Date acquired Total checkouts Full call number Barcode Date last seen Copy number Price effective from Koha item type
    Dewey Decimal Classification     GRACE BIBLE COLLEGE GRACE BIBLE COLLEGE Church History 2025-11-20   270.2 REC 017345 2025-11-20 c.1 2025-11-20 Books
© Grace Bible College Library 2025